| 000 | 00718nam a2200253Ia 4500 | ||
|---|---|---|---|
| 003 | OSt | ||
| 005 | 20220925200339.0 | ||
| 006 | a|||||r|||| 00| 0 | ||
| 007 | ta | ||
| 008 | 220923b |||||||| |||| 00| 0 eng d | ||
| 020 | _a818542005X | ||
| 037 | _cGeneral Book | ||
| 040 |
_aRTL _cRTL _beng |
||
| 041 |
_2eng _aeng |
||
| 082 | _aY31:481.2.N8, N0 | ||
| 100 |
_aChaudhary S N _9257345 |
||
| 245 | 0 |
_aRole of village faction in rural development _bA case study |
|
| 260 |
_aDelhi _bAmar Prakashan _c1990 |
||
| 300 |
_a65p _ccm. |
||
| 500 | _aBibliography: P 63-65 | ||
| 650 | _aRural Sociology | ||
| 942 |
_hY31:481.2.N8, N0 _cGB _2CC |
||
| 999 |
_c536266 _d536266 |
||